000 00748nam a2200265 a 4500
003 AR-BaBNM
005 20251128202729.0
008 082120s2002 ||||||||||||||000 | spa||
020 _a950-581-773-8
040 _cAR-BaBNM
100 1 _aGalasso, Norberto
245 0 0 _aScalabrini Ortíz y la lucha contra la dominación inglesa
250 _a1ª ed.
260 _aBuenos Aires
_bDel Pensamiento Nacional
_c1985
300 _a124 p.
_bláms.
490 0 _aLos malditos
650 4 _aHISTORIA DE LAS IDEAS
650 4 _aHISTORIA POLITICA ARGENTINA
650 4 _aHISTORIA POLITICA
650 4 _aHISTORIA DE LAS RELACIONES INTERNACIONALES
650 4 _aHISTORIA ECONOMICA
650 4 _aHISTORIA SOCIAL
942 _cBK
998 _cmariana
999 _c291
_d291